ბათუმის შოთა რუსთაველის სახელმწიფო უნივერსიტეტის ბიბლიოთეკა

Региональная География. I . Recional Geografy / (ბიბ.ჩანაწერი № 36337)

000 -LEADER
fixed length control field 00834nam a2200217Ia 4500
001 - CONTROL NUMBER
control field 2245
003 - CONTROL NUMBER IDENTIFIER
control field GE_BSU
005 - DATE AND TIME OF LATEST TRANSACTION
control field 20221021125520.0
008 - FIXED-LENGTH DATA ELEMENTS--GENERAL INFORMATION
fixed length control field 181216s1983ru xx |||||||||||||| ||rus||
040 ## - CATALOGING SOURCE
Transcribing agency GE_BSU
041 ## - LANGUAGE CODE
Language code of text/sound track or separate title rus
080 ## - UNIVERSAL DECIMAL CLASSIFICATION NUMBER
Universal Decimal Classification number 913(479.22) Р-325
245 ## - TITLE STATEMENT
Title Региональная География. I . Recional Geografy /
Statement of responsibility, etc. Ред. Р.И. Кверечхиладзе
264 ## - PRODUCTION, PUBLICATION, DISTRIBUTION, MANUFACTURE, AND COPYRIGHT NOTICE
Place of production, publication, distribution, manufacture Тбилиси :
Name of producer, publisher, distributor, manufacturer Мецниереба,
Date of production, publication, distribution, manufacture, or copyright notice 1983.
300 ## - PHYSICAL DESCRIPTION
Extent 174 ст.:
Other physical details 20 см.
653 ## - INDEX TERM--UNCONTROLLED
keyword Региональная Гуография
653 ## - INDEX TERM--UNCONTROLLED
keyword რეგიონალური გოგრაფია
700 ## - ADDED ENTRY--PERSONAL NAME
Personal name Кверечхиладзе, Р.И.
Relator term რედაქტორი
9 (RLIN) 15446
710 ## - ADDED ENTRY--CORPORATE NAME
Corporate name or jurisdiction name as entry element Антрузинской ССР Ин ут Географии им. Вахушти
9 (RLIN) 15447
942 ## - ADDED ENTRY ELEMENTS (KOHA)
Koha item type წიგნი
Source of classification or shelving scheme
ეგზემპლარები
Withdrawn status Lost status Source of classification or shelving scheme Damaged status Not for loan Permanent Location Current Location Shelving location Date acquired Cost, normal purchase price Full call number Barcode Date last seen Copy number Price effective from Koha item type Public note
          ბათუმის შოთა რუსთაველის სახელმწიფო უნივერსიტეტის მთავარი ბიბლიოთეკა ბათუმის შოთა რუსთაველის სახელმწიფო უნივერსიტეტის მთავარი ბიბლიოთეკა წიგნსაცავი 2018-12-17 5.00 913(479.22) Р-325 4357 2018-12-17 4357 2018-12-17 წიგნი 5.00